|
|
|
|
| LEADER |
00000cam a2200000 a 4500 |
| 001 |
6837 |
| 005 |
20230308160656.0 |
| 008 |
946012|1945 ||||||||r|||||||||||spa|| |
| 040 |
|
|
|b spa
|
| 041 |
1 |
|
|a spa
|
| 082 |
0 |
|
|a 304
|
| 100 |
1 |
|
|a Briceño Perozo, Mario.
|d 1917-1995
|9 13280
|
| 245 |
|
|
|a Bases para una paz definitiva
|c Mario Briceño Perozo
|h imp
|
| 264 |
|
|
|a Trujillo
|b Ediciones Presente
|c 1945
|
| 300 |
|
|
|a 250 páginas:
|c 14,5 cm
|
| 650 |
1 |
|
|a Paz
|9 8822
|
| 852 |
|
|
|a UC-CDJBV
|c ESTANTERIA CERRADA
|f Donación
|k margarita.gutierrez
|l 1
|m General
|p 19460122
|q 5,00
|t 6837
|b 0
|d CDRC
|e CDRC
|g 304 ESTANTERIA CERRADA
|z 1946-60-12
|
| 942 |
|
|
|c BK
|
| 999 |
|
|
|c 11666
|d 11666
|